000 00519nam a2200169Ia 4500
008 210719s2011 xx 000 0 und d
041 _aeng
082 _a332.02 KUMP
100 _aKUMARS
245 _aPrevious years solved papers: bank clerical recruitment exams
260 _aNew Delhi
_bVee Kumar Publications Pvt. Ltd.
_c2011
300 _a196
_bPB
365 _b95
_cRs
650 _aBank entrance
650 _aBanking
906 _abank ; clerical ; exams ; papers: ; Previous ; recruitment ; solved ; years
999 _c215357
_d215357